000 01411nab a22002657a 4500
999 _c5746
_d5746
003 OSt
005 20260101205229.0
008 190514b xxu||||| |||| 00| 0 spa d
040 _cPJ
100 _96663
_aBertini, Adriana
245 1 0 _aUn caso de fraude a la ganancialidad y un análisis con perspectiva de género /
_cAdriana Bertini.
300 _ap. 142-151
500 _aCita: TR LALEY AR/DOC/451/2025.
505 _aSumario: I. Los hechos.— II. Las cuestiones debatidas.— III. El proceso de liquidación de la comunidad.— IV. El abordaje del conflicto con perspectiva de género.— V. La flexibilidad de las formas en los procesos de familia y la perspectiva de género.— VI. El fraude y la solución al caso a través del sistema de las recompensas.— VII. Reflexión final.
505 _aFallo comentado: CCiv., Com. y Minería, General Roca ~ 24/07/2024 ~ C. C. L. c. B. A. M. s/ liquidación de sociedad conyugal.
650 0 _9967
_aDERECHO DE FAMILIA
650 0 _91042
_aFRAUDE
650 0 _94044
_aPERSPECTIVA DE GÉNERO
650 0 _9979
_aBIENES GANANCIALES
650 0 _9977
_aDIVORCIO
650 0 _91022
_aLIQUIDACION DE LA SOCIEDAD CONYUGAL
650 0 _91057
_aJURISPRUDENCIA APLICABLE
773 0 _02844
_93222
_dBuenos Aires : AbeledoPerrot, 1989-
_tDerecho de familia. Revista Interdisciplinaria de doctrina y jurisprudencia. Abril 2025-II.
_z18511201
942 _2udc
_cANA